FC 25 Centurions - Statistics

General Stats
  • This quiz has been taken 10 times
  • The average score is 24 of 43
Answer Stats
Centurions rat pos club player % Correct
Centurions 92 CDM Manchester City Rodri
100%
Centurions 88 CAM Manchester United Bruno Fernandes
89%
Centurions 90 GK Paris Saint-Germain Gianluigi Donnarumma
89%
Centurions 89 ST Tottenham Hotspur Son Heung-Min
89%
Centurions 84 RB Girona Arnau Martínez
78%
Centurions 88 GK Aston Villa Emiliano Martínez
78%
Centurions 91 ST Inter Milan Lautaro Martínez
78%
Centurions 89 CM Real Madrid Luka Modrić
78%
Centurions 88 LW AC Milan Rafael Leão
78%
Centurions 92 RW Barça Femení Caroline Graham Hansen
67%
Centurions 87 ST Liverpool Darwin Núñez
67%
Centurions Icon 89 GK Netherlands Edwin van der Sar
67%
Centurions Icon 88 ST Argentina Hernán Crespo
67%
Centurions 87 CB Bayer Leverkusen Jonathan Tah
67%
Centurions Icon 89 LM Czech Republic Pavel Nedvěd
67%
Centurions Icon 90 ST Netherlands Ruud van Nistelrooy
67%
Centurions Icon 89 CM Germany Bastian Schweinsteiger
56%
Centurions Icon 91 RM England David Beckham
56%
Centurions 84 CDM Borussia Dortmund Emre Can
56%
Centurions 86 LW FC Barcelona Ferran Torres
56%
Centurions Icon 91 LM France Franck Ribéry
56%
Centurions Icon 87 RB Italy Gianluca Zambrotta
56%
Centurions 85 RM Athletic Bilbao Iñaki Williams
56%
Centurions 89 LW Manchester City Jack Grealish
56%
Centurions Icon 89 CAM Denmark Michael Laudrup
56%
Centurions Icon 87 CB England Sol Campbell
56%
Centurions 87 CAM Bayern Munich Thomas Müller
56%
Centurions 89 CB OL Féminin Wendie Renard
56%
Centurions 86 RB Sevilla Jesús Navas
44%
Centurions 85 CDM Atlético Madrid Koke
44%
Centurions 87 ST Bayern Frauen Lea Schüller
44%
Centurions 85 ST Villarreal Gerard Moreno
33%
Centurions 85 CB AS Roma Gianluca Mancini
33%
Centurions Icon 88 CM Argentina Juan Sebastian Véron
33%
Centurions Icon 91 CM United States Julie Foudy
33%
Centurions 84 CB RC Lens Kevin Danso
33%
Centurions 85 CM Napoli Stanislav Lobotka
33%
Centurions 88 ST Portland Thorns Christine Sinclair
22%
Centurions 89 RM Borussia Dortmund Donyell Malen
22%
Centurions 86 CAM Paris FC Féminines Gaëtane Thiney
22%
Centurions 86 LB Arsenal Women Katie McCabe
22%
Centurions 84 LB OGC Nice Melvin Bard
22%
Centurions 84 CM Juventus Weston McKennie
22%
No matching quizzes found
Score Distribution
Percent of People with Each Score
Percentile by Number Answered
Your Score History
You have not taken this quiz